Films sortis en 2024 - Statistiques

Statistiques générales
  • Ce quiz a été pris 109 fois
  • Le résultat moyen est 8 sur 15
Statistiques - réponses
Acteurs/ Actrices Réponse % Correct
Lady Gaga , Joaquin Phoenix Joker : Folie à Deux
88%
Ariana Grande , Cynthia Erivo , Michelle Yeoh Wicked
88%
Zendaya , Timothée Chalamet , Austin Butler Dune : 2
78%
Paul Mescal , Pedro Pascal , Joseph Quinn Gladiator 2
70%
Josh O'connor , Mike Feist , Zendaya Challengers
69%
Demi Moore, Margaret Qualley The Substance
68%
Winona Ryder , Jenna Ortega ,Michael Keaton Beetlejuice Beetlejuice
64%
Bill Skarsgård , Lily-Rose Depp , Nicholas Hoult Nosferatu
54%
Dakota Johnson , Sydney Sweeney , Tahar Rahim Madame Web
46%
Mikey Madison , Mark Eydelshteyn Anora
43%
Daniel Craig , Drew Starkey Queer
40%
Glen Powell , Daisy Edgar-Jones , David Corenswet Twisters
34%
Mia Goth , Halsey , Lily Collins Maxxxine
32%
Anne Hathaway , Nicolas Galitzine L'idée d'être avec toi
24%
Naomi Ackie ,Channing Tatum Blink Twice
19%
Aucun quiz correspondant
Distribution des résultats
% des personnes avec chaque résultat
Percentile par nombre de réponses
Votre historique - résultats
Vous n’avez pas pris ce quiz